Die Front im Osten (Record no. 6673)
[ view plain ]
| 000 -CABECERA | |
|---|---|
| campo de control de longitud fija | 00779nam a2200253 a 4500 |
| 001 - NÚMERO DE CONTROL | |
| campo de control | BRCA_6992 |
| 005 - FECHA Y HORA DE LA ÚLTIMA TRANSACCIÓN | |
| campo de control | 20190320205653.0 |
| 008 - DATOS DE LONGITUD FIJA--INFORMACIÓN GENERAL | |
| campo de control de longitud fija | 231111s1915----gw-a######---#000-0#ger-# |
| 041 ## - CÓDIGO DE LENGUA | |
| Código de lengua del texto/banda sonora o título independiente | ger |
| 044 ## - CÓDIGO DEL PAÍS DE LA ENTIDAD EDITORA/PRODUCTORA | |
| Código MARC del país | gw |
| 050 #4 - SIGNATURA TOPOGRÁFICA DE LA BIBLIOTECA DEL CONGRESO | |
| Número de clasificación | D551 |
| Número de documento/Ítem | .G3 1915 |
| 100 1# - ENTRADA PRINCIPAL--NOMBRE DE PERSONA | |
| Nombre de persona | Ganghofer, Ludwig |
| Fechas asociadas al nombre | 1855-1920 |
| 9 (RLIN) | 17401 |
| 245 10 - MENCIÓN DE TÍTULO | |
| Título | Die Front im Osten |
| Mención de responsabilidad, etc. | von Ludwig Ganghofer. |
| 260 ## - PUBLICACIÓN, DISTRIBUCIÓN, ETC. | |
| Lugar de publicación, distribución, etc. | Berlín-Wien |
| Nombre del editor, distribuidor, etc. | Ullstein |
| Fecha de publicación, distribución, etc. | 1915 |
| 300 ## - DESCRIPCIÓN FÍSICA | |
| Extensión | 2 v. |
| Otras características físicas | il., mapas |
| Dimensiones | 17 cm. |
| 440 #0 - MENCIÓN DE SERIE/PUNTO DE ACCESO ADICIONAL--TÍTULO | |
| Título | Ullstein Kriegsbücher |
| Designación de volumen o secuencia | 9, 12 |
| 9 (RLIN) | 17402 |
| 500 ## - NOTA GENERAL | |
| Nota general | Estado físico: v.2 cubiertas desprendidas. |
| 500 ## - NOTA GENERAL | |
| Nota general | O11 |
| 501 ## - NOTA DE "CON" | |
| Nota de “Con” | v.1: Die Front im Osten (9); v.2: Der russische Niederbruch (12) |
| 650 14 - PUNTO DE ACCESO ADICIONAL DE MATERIA--TÉRMINO DE MATERIA | |
| Término de materia o nombre geográfico como elemento de entrada | Primera Guerra Mundial |
| Subdivisión cronológica | 1914-1918 |
| 9 (RLIN) | 17403 |
| 650 14 - PUNTO DE ACCESO ADICIONAL DE MATERIA--TÉRMINO DE MATERIA | |
| Término de materia o nombre geográfico como elemento de entrada | Relatos personales |
| 9 (RLIN) | 17404 |
| 902 ## - CATALOGADOR | |
| Iniciales | GFM |
| 942 ## - ELEMENTOS DE PUNTO DE ACCESO ADICIONAL (KOHA) | |
| Fuente del sistema de clasificación o colocación | Library of Congress Classification |
| Tipo de ítem Koha | Libros |
| Estado de retiro | Estado de pérdida | Estado dañado | No para préstamo | Localización permanente | Ubicación/localización actual | Fecha de adquisición | Número de inventario | Total de préstamos | Signatura topográfica completa | Código de barras | Fecha visto por última vez | Precio válido a partir de | Tipo de ítem Koha |
|---|---|---|---|---|---|---|---|---|---|---|---|---|---|
| El ejemplar forma parte de la colección y puede ser consultado según las políticas vigentes. | Biblioteca del Museo Franz Mayer (Rogerio Casas-Alatriste) | Biblioteca del Museo Franz Mayer (Rogerio Casas-Alatriste) | 23/11/2011 | O11 | D551 .G3 1915 (O11) | 7439 | 22/03/2019 | 22/03/2019 | Libros |